000 00476nam a2200169Ia 4500
008 090201s9999 xx 000 0 und d
010 _aKPL-44545
040 _bमराठी
041 _aमराठी
082 _a31386
_b44545
100 _aअशोक थोरे
245 _aअशांत
_cअशोक थोरे
260 _c2004
_bआशिष प्रकाशन
300 _a266
_bमोठा
600 _aअशांत
942 _cBOOK
999 _c229843
_d229843